| 000 | 01124nam a2200385 a 4500 | ||
|---|---|---|---|
| 003 | AR-BaBNM | ||
| 005 | 20251128210025.0 | ||
| 008 | 082120s2002 ||||||||||||||000 | spa|| | ||
| 020 | _a84-329-9410-3 | ||
| 040 | _cAR-BaBNM | ||
| 245 | 0 | 0 |
_aCentros de intéres _bplástica |
| 250 | _a4ª ed. | ||
| 260 |
_aBarcelona _bEdiciones Ceac _c1989 |
||
| 300 |
_a120 p. _bil., gráfs. |
||
| 490 | 0 | _aEducación y enseñanza. Preescolar | |
| 504 | _aBibliografía p. 120 | ||
| 650 | 4 | _aEDUCACION DEL NIÑO | |
| 650 | 4 | _aNIÑOS DE EDAD PREESCOLAR | |
| 650 | 4 | _aCENTROS DE INTERES | |
| 650 | 4 | _aMOTIVACION DEL ALUMNO | |
| 650 | 4 | _aDESARROLLO MOTOR | |
| 650 | 4 | _aDESARROLLO DE LA CREATIVIDAD | |
| 650 | 4 | _aJUEGOS EDUCATIVOS | |
| 650 | 4 | _aDRAMATIZACION | |
| 653 | _aEDUCACION INICIAL | ||
| 653 | _aEDUCACION PLASTICA | ||
| 700 | 1 | _aMartínez Sánchez, Mariana | |
| 700 | 1 | _aIranzo Tarín, Margarita | |
| 700 | 1 | _aMartínez Manero, María Violeta | |
| 700 | 1 | _aMas Jordana, María Angels | |
| 700 | 1 | _aMarín González, Alberto | |
| 800 | 1 |
_aSarramona, Jaume _edirector |
|
| 942 | _cBK | ||
| 998 | _cCarmen | ||
| 999 |
_c13754 _d13754 |
||